000
00395nam a2200181Ia 4500
008
240830s1901 xx 000 0 und d
041
_a
eng
082
_a
0 YAD
100
_a
YADAWAJI TRIMBKAJI
245
_a
DRAVYAGUNA VIJNAN VOL. 1
250
_a
1
260
_b
N.D.
_c
1901
300
_a
500p
440
_v
I
650
_a
DRAVYAGUNA-VIGYAN
906
_a
N.D.
999
_c
1184833
_d
1184833